| 000 | 00653cam a2200241 4500500 | ||
|---|---|---|---|
| 005 | 20260405003318.0 | ||
| 041 | _afre | ||
| 042 | _adc | ||
| 100 | 1 | 0 |
_aPortevin, Catherine _eauthor |
| 245 | 0 | 0 | _aSentir et Savoir |
| 260 | _c2021. | ||
| 500 | _a56 | ||
| 690 | _aAntonio R. Damasio | ||
| 690 | _aCerveau | ||
| 690 | _aCorps | ||
| 690 | _aDescartes | ||
| 690 | _aDualisme | ||
| 690 | _aEmotions | ||
| 690 | _aEsprit | ||
| 690 | _aSpinoza | ||
| 786 | 0 | _nPhilosophie magazine | 150 | 6 | 2021-06-01 | p. 89-89 | 1951-1787 | |
| 856 | 4 | 1 | _uhttps://shs.cairn.info/magazine-philosophie-magazine-2021-6-page-89?lang=fr&redirect-ssocas=7080 |
| 999 |
_c2066400 _d2066400 |
||